[Event "Canada int. ch U2100"]
[Site "Longueuil CAN"]
[Date "2019.10.12"]
[Round "3.22"]
[White "Robillard, Jean-Philippe"]
[Black "Palsson, Halldor"]
[Result "1-0"]
[WhiteElo "1655"]
[BlackElo "1851"]
[PlyCount "197"]
[EventDate "2019.10.11"]
[EventType "swiss"]
[EventRounds "5"]
[EventCountry "CAN"]

1. d4 d5 2. c4 e6 3. Nf3 c6 4. Nc3 dxc4 5. a4 Bb4 6. e3 b5 7. Be2 Bb7 8. O-O a6
9. Bd2 Nf6 10. b3 cxb3 11. Qxb3 Be7 12. Ne5 O-O 13. Bf3 b4 14. a5 Ra7 15. Nb1
Nd5 16. Nd3 Nd7 17. Bxd5 exd5 18. Bxb4 Re8 19. Nd2 Ba8 20. Bxe7 Qxe7 21. Rfe1
Rb8 22. Qa3 Kf8 23. Kf1 Qxa3 24. Rxa3 Ke7 25. Nb3 Kd6 26. Nbc5 f6 27. Ke2 Rb5
28. h4 Nb8 29. Ra4 Bb7 30. Rb4 Bc8 31. Na4 Bf5 32. Nac5 Nd7 33. Ra4 Nb8 34. Nb4
Bc8 35. Kf3 h5 36. Nbd3 g5 37. hxg5 fxg5 38. Ne5 Rb2 39. Ncd3 Rb5 40. Raa1 Bf5
41. Nc5 Rc7 42. g4 hxg4+ 43. Nxg4 Rh7 44. Rh1 Nd7 45. Rxh7 Bxh7 46. Nxd7 Be4+
47. Kg3 Kxd7 48. Ne5+ Kd6 49. Nf7+ Kd7 50. Nxg5 Kd6 51. Nxe4+ dxe4 52. Kf4 Rb2
53. Kxe4 Rxf2 54. Rh1 Ra2 55. Rh6+ Kd7 56. Rh5 Kd6 57. Re5 Ra3 58. Kf4 Ra2 59.
Rc5 Rf2+ 60. Ke4 Ra2 61. Kf3 Ra3 62. Kf4 Ra2 63. Rh5 Ra3 64. e4 Ra4 65. Ke3
Ra3+ 66. Kd2 Ra2+ 67. Kc3 Ra4 68. Rf5 Ke6 69. Rc5 Kd6 70. e5+ Kd7 71. Kd3 Ra3+
72. Ke4 Ra2 73. Kd3 Ra4 74. Kc3 Ra3+ 75. Kb4 Ra1 76. Rc4 Rh1 77. Kc3 Ra1 78.
Rc5 Ra4 79. Kd3 Ra1 80. Kc2 Ra4 81. Kc3 Ra3+ 82. Kb4 Ra1 83. Rc3 Rh1 84. Ka4
Ra1+ 85. Kb4 Rd1 86. Kc5 Ra1 87. Kb6 Rb1+ 88. Kxa6 Rb4 89. e6+ Kd6 90. Re3 Ke7
91. Rc3 Kd6 92. e7 Kxe7 93. Rxc6 Rxd4 94. Kb7 Ra4 95. a6 Kd7 96. Rb6 Rc4 97. a7
Rc7+ 98. Ka6 Rc1 99. a8=Q 1-0

[Event "Canada int. ch U2100"]
[Site "Longueuil CAN"]
[Date "2019.10.12"]
[Round "3.23"]
[White "Landry, Sylvain"]
[Black "Pare, Marc"]
[Result "1-0"]
[WhiteElo "1752"]
[BlackElo "1846"]
[PlyCount "115"]
[EventDate "2019.10.11"]
[EventType "swiss"]
[EventRounds "5"]
[EventCountry "CAN"]

1. e4 d5 2. exd5 Nf6 3. d4 Nxd5 4. c4 Nb6 5. Nc3 g6 6. c5 Nd5 7. Bc4 c6 8. Nf3
Bg7 9. O-O O-O 10. h3 b6 11. cxb6 axb6 12. Re1 h6 13. Ne5 e6 14. a3 Bd7 15. Rb1
Be8 16. Qe2 Kh7 17. Rd1 Qc7 18. Nf3 Nd7 19. Bd2 b5 20. Nxd5 exd5 21. Bd3 Nb6
22. Bb4 Rg8 23. h4 Bf6 24. h5 Nc4 25. b3 Nd6 26. hxg6+ fxg6 27. Qe6 Ne4 28.
Bxe4 dxe4 29. Qxf6 exf3 30. Qxf3 Bf7 31. Rdc1 Qd7 32. Qxc6 Qxc6 33. Rxc6 Bxb3
34. Re1 Rg7 35. Rb6 Bc4 36. Re5 Rd7 37. Bc5 Kg7 38. f3 Kf7 39. Kf2 Rc8 40. Ke3
Kg7 41. f4 Rf7 42. g4 Rd8 43. f5 gxf5 44. gxf5 Kh7 45. Kf4 Rg8 46. d5 h5 47.
Ree6 Rg4+ 48. Ke5 Bd3 49. Rh6+ Kg7 50. Rbg6+ Rxg6 51. Rxg6+ Kh7 52. Rf6 Rb7 53.
d6 h4 54. Re6 Rb8 55. Re7+ Kh6 56. d7 Rd8 57. Be3+ Kh5 58. Kf4 1-0

[Event "Canada int. ch U2100"]
[Site "Longueuil CAN"]
[Date "2019.10.12"]
[Round "3.26"]
[White "Baran, Marius"]
[Black "Archambault, Serge"]
[Result "1-0"]
[WhiteElo "1640"]
[BlackElo "1885"]
[PlyCount "55"]
[EventDate "2019.10.11"]
[EventType "swiss"]
[EventRounds "5"]
[EventCountry "CAN"]

1. e4 c5 2. Nc3 Nc6 3. f4 e6 4. Nf3 d5 5. Bb5 Nge7 6. e5 a6 7. Bxc6+ Nxc6 8.
O-O b5 9. d4 cxd4 10. Ne2 Bc5 11. Nexd4 Bb7 12. Be3 Qb6 13. c3 O-O 14. Qd3 Rac8
15. Rae1 Nxd4 16. Bxd4 a5 17. Rf2 b4 18. Ng5 g6 19. Qh3 h5 20. Rd1 Bxd4 21.
cxd4 Kg7 22. g4 Rh8 23. f5 hxg4 24. f6+ Kg8 25. Qxg4 Ba6 26. Rg2 Kf8 27. Nxf7
Rg8 28. Nd6 1-0

[Event "Canada int. ch U2100"]
[Site "Longueuil CAN"]
[Date "2019.10.13"]
[Round "4.1"]
[White "Ehab, Mohamed"]
[Black "Steinberg, Ellis"]
[Result "1-0"]
[WhiteElo "1950"]
[BlackElo "1769"]
[PlyCount "104"]
[EventDate "2019.10.11"]
[EventType "swiss"]
[EventRounds "5"]
[EventCountry "CAN"]

1. d4 Nf6 2. c4 g6 3. g3 Bg7 4. Bg2 d6 5. Nc3 O-O 6. Nf3 Nc6 7. O-O e5 8. dxe5
dxe5 9. Bg5 Qxd1 10. Rfxd1 h6 11. Bxf6 Bxf6 12. Nd5 Bd8 13. e3 e4 14. Nd4 Nxd4
15. Rxd4 f5 16. Rc1 Kg7 17. Rd2 c6 18. Nf4 g5 19. Nh5+ Kg6 20. g4 fxg4 21. Ng3
Bc7 22. Bxe4+ Kf6 23. b4 Rb8 24. b5 c5 25. Rcd1 Be6 26. Bd5 Rbd8 27. Ne4+ Ke7
28. Bxe6 Rxd2 29. Rxd2 Kxe6 30. Nxc5+ Kf5 31. Rd5+ Kg6 32. Nxb7 Bxh2+ 33. Kxh2
Rxf2+ 34. Kg1 g3 35. Rd6+ Kh5 36. c5 Rxa2 37. c6 Kg4 38. Nc5 Ra1+ 39. Kg2 Ra2+
40. Kf1 Ra1+ 41. Ke2 g2 42. c7 Re1+ 43. Kd2 Rd1+ 44. Kxd1 g1=Q+ 45. Kc2 Qf2+
46. Kc3 Qf8 47. Rc6 Qc8 48. Ne4 Kf3 49. Nd6 Qh8+ 50. Kc4 Qg8+ 51. Kc5 Qb3 52.
Nc4 a5 1-0

[Event "Canada int. ch U2100"]
[Site "Longueuil CAN"]
[Date "2019.10.13"]
[Round "4.2"]
[White "Richard, Leo"]
[Black "Caen, Andy"]
[Result "0-1"]
[WhiteElo "1790"]
[BlackElo "1719"]
[PlyCount "52"]
[EventDate "2019.10.11"]
[EventType "swiss"]
[EventRounds "5"]
[EventCountry "CAN"]

1. d4 e6 2. Nf3 Nf6 3. e3 b6 4. Nbd2 Bb7 5. Bd3 Be7 6. O-O O-O 7. b3 d5 8. Bb2
Ne4 9. c4 Nd7 10. Qe2 f5 11. Rac1 Bd6 12. Ne5 Bxe5 13. dxe5 Ndc5 14. Nb1 Nxd3
15. Qxd3 Nc5 16. Qe2 dxc4 17. bxc4 f4 18. f3 Qd3 19. Rfe1 fxe3 20. Ba3 Qg6 21.
Rf1 Nd3 22. Bxf8 Rxf8 23. Qxe3 Nxc1 24. Qxc1 Rxf3 25. Rxf3 Bxf3 26. Qb2 Bxg2
0-1

[Event "Canada int. ch U2100"]
[Site "Longueuil CAN"]
[Date "2019.10.13"]
[Round "4.3"]
[White "Jiang, Barron Jiyu"]
[Black "Forget, Luc"]
[Result "1/2-1/2"]
[WhiteElo "1421"]
[BlackElo "1868"]
[PlyCount "82"]
[EventDate "2019.10.11"]
[EventType "swiss"]
[EventRounds "5"]
[EventCountry "CAN"]

1. e4 c6 2. d4 d5 3. exd5 cxd5 4. Bd3 Nc6 5. Nf3 Bg4 6. c3 e6 7. Bf4 Bd6 8.
Bxd6 Qxd6 9. Nbd2 Nf6 10. O-O O-O 11. Re1 a6 12. Qb1 Bxf3 13. Nxf3 b5 14. Ne5
Rab8 15. a3 Ne7 16. Qc2 Ng6 17. Qd2 Nd7 18. f4 Ndxe5 19. fxe5 Qe7 20. b4 f5 21.
exf6 Rxf6 22. a4 Qd6 23. axb5 axb5 24. Ra5 Qc6 25. Rea1 Qe8 26. Qa2 Rf8 27. Ra7
Rf7 28. Rxf7 Qxf7 29. Qa7 Qf4 30. Rf1 Qe3+ 31. Kh1 Rf8 32. Bxb5 Qxc3 33. Qc5
Rxf1+ 34. Bxf1 Qe1 35. Qb5 h6 36. Qe2 Qxe2 37. Bxe2 Kf8 38. Kg1 Ke7 39. Kf2 Kd6
40. Ke3 Nh4 41. g4 g5 1/2-1/2

[Event "Canada int. ch U2100"]
[Site "Longueuil CAN"]
[Date "2019.10.13"]
[Round "4.4"]
[White "Morin-Pare, Victor"]
[Black "Hua, Michelle"]
[Result "1-0"]
[WhiteElo "1732"]
[BlackElo "1646"]
[PlyCount "59"]
[EventDate "2019.10.11"]
[EventType "swiss"]
[EventRounds "5"]
[EventCountry "CAN"]

1. d4 d5 2. Nc3 Nf6 3. Bf4 c6 4. e3 Nbd7 5. Bd3 e6 6. Nf3 Be7 7. Ne5 O-O 8. g4
Ne8 9. Qf3 Nxe5 10. dxe5 c5 11. Qh3 g6 12. O-O-O f6 13. Bh6 Rf7 14. f4 Bf8 15.
f5 Bxh6 16. fxg6 Bxe3+ 17. Qxe3 hxg6 18. Bxg6 Rf8 19. Rhf1 b6 20. h4 a6 21.
Bxe8 Qxe8 22. exf6 Ra7 23. Qe5 Rh7 24. Ne2 Qg6 25. h5 Qh6+ 26. g5 Qxh5 27. Rh1
Qg6 28. Nf4 Qe4 29. Rxh7 Kxh7 30. Qc7+ 1-0

[Event "Canada int. ch U2100"]
[Site "Longueuil CAN"]
[Date "2019.10.13"]
[Round "4.5"]
[White "Gil, Bernardo"]
[Black "Rabin, Evan"]
[Result "0-1"]
[WhiteElo "1654"]
[BlackElo "2044"]
[PlyCount "68"]
[EventDate "2019.10.11"]
[EventType "swiss"]
[EventRounds "5"]
[EventCountry "CAN"]

1. Nf3 Nf6 2. g3 d5 3. Bg2 c6 4. O-O Bg4 5. d3 Nbd7 6. Nbd2 e6 7. e4 Be7 8. h3
Bxf3 9. Bxf3 O-O 10. exd5 cxd5 11. d4 b5 12. c3 b4 13. c4 Rc8 14. cxd5 Nxd5 15.
Bxd5 exd5 16. b3 Qc7 17. Nf3 Nf6 18. Bf4 Qc2 19. Rc1 Qxd1 20. Rfxd1 Ne4 21. Re1
g5 22. Be3 f5 23. Ne5 Rxc1 24. Rxc1 f4 25. gxf4 gxf4 26. f3 Nc3 27. Rxc3 bxc3
28. Bc1 Bf6 29. Kf1 Bxe5 30. dxe5 Kf7 31. Ke2 Ke6 32. Kd3 Kxe5 33. b4 d4 34. a3
Rg8 0-1

[Event "Canada int. ch U2100"]
[Site "Longueuil CAN"]
[Date "2019.10.13"]
[Round "4.6"]
[White "Libersan, Thierry"]
[Black "Eckert, Ethan"]
[Result "1-0"]
[WhiteElo "1986"]
[BlackElo "1676"]
[PlyCount "39"]
[EventDate "2019.10.11"]
[EventType "swiss"]
[EventRounds "5"]
[EventCountry "CAN"]

1. d4 Nf6 2. Bf4 g6 3. Nc3 Bg7 4. e4 d6 5. Qd2 O-O 6. O-O-O Re8 7. Bh6 Bh8 8.
f3 Nbd7 9. h4 Nh5 10. Nge2 c5 11. dxc5 Nxc5 12. g4 Nf6 13. h5 Be6 14. hxg6 hxg6
15. Nd4 Qc8 16. Bb5 Bd7 17. Bg5 Bxb5 18. Rxh8+ Kg7 19. Bxf6+ exf6 20. Qh6# 1-0

[Event "Canada int. ch U2100"]
[Site "Longueuil CAN"]
[Date "2019.10.13"]
[Round "4.7"]
[White "Tinica, Gabriel"]
[Black "Ramesh, Sanjay"]
[Result "0-1"]
[WhiteElo "1935"]
[BlackElo "1641"]
[PlyCount "90"]
[EventDate "2019.10.11"]
[EventType "swiss"]
[EventRounds "5"]
[EventCountry "CAN"]

1. d4 d5 2. Bf4 Nf6 3. e3 e6 4. Nf3 Bd6 5. Bg3 O-O 6. Nbd2 b6 7. Bd3 Ba6 8. Qe2
Bxd3 9. Qxd3 Nbd7 10. O-O Qe7 11. c4 Bxg3 12. hxg3 dxc4 13. Nxc4 c5 14. Nce5
Nxe5 15. Nxe5 Nd7 16. Rfd1 Nxe5 17. dxe5 Rfd8 18. Qe4 Rac8 19. b3 g6 20. Qf4
Rd5 21. Qf6 Qxf6 22. exf6 Rcd8 23. Rxd5 exd5 24. Rd1 Kf8 25. g4 h6 26. f4 g5
27. g3 Ke8 28. Kf2 Rd6 29. e4 gxf4 30. e5 fxg3+ 31. Kxg3 Rd8 32. Kf4 d4 33. Rd3
Kd7 34. Kf5 Rg8 35. Rh3 Rg5+ 36. Kf4 Ke6 37. Rxh6 Rxe5 38. g5 Rf5+ 39. Kg4 d3
40. Rh2 Rd5 41. Rd2 b5 42. Kf4 c4 43. bxc4 bxc4 44. Ke4 Rxg5 45. Kd4 Rg4+ 0-1

[Event "Canada int. ch U2100"]
[Site "Longueuil CAN"]
[Date "2019.10.13"]
[Round "4.8"]
[White "Qiao, Joey"]
[Black "Bouchard, Jean-Marc"]
[Result "1-0"]
[WhiteElo "1526"]
[BlackElo "1862"]
[PlyCount "111"]
[EventDate "2019.10.11"]
[EventType "swiss"]
[EventRounds "5"]
[EventCountry "CAN"]

1. e4 e6 2. d4 d5 3. exd5 exd5 4. Bd3 c6 5. Nf3 Bd6 6. c3 Ne7 7. Qc2 h6 8. Be3
Bg4 9. Nbd2 Nd7 10. h3 Bh5 11. Nh4 g5 12. Nf5 Nxf5 13. Bxf5 Rg8 14. g3 Qe7 15.
Qd3 O-O-O 16. h4 Bg6 17. Bxg6 Rxg6 18. O-O-O Re6 19. hxg5 hxg5 20. Qf5 Rg8 21.
g4 Qf6 22. Nf3 Qxf5 23. gxf5 Rf6 24. Nxg5 Rxf5 25. Rhg1 Bf4 26. Bxf4 Rxf4 27.
Nh3 Rfg4 28. Rde1 f5 29. f3 Rg2 30. Rxg2 Rxg2 31. Re8+ Kc7 32. Nf4 Rf2 33. Ne6+
Kd6 34. Ng5 Rg2 35. Nf7+ Kc7 36. Re7 Rg7 37. Kd2 f4 38. Kd3 b6 39. b3 b5 40. c4
b4 41. cxd5 cxd5 42. Ke2 a5 43. Kf2 Rh7 44. Kg2 Rg7+ 45. Kh3 Rg3+ 46. Kh4 Kc6
47. Re6+ Kc7 48. Ra6 Rxf3 49. Ra7+ Kc6 50. Rxd7 Rf2 51. Ne5+ Kb6 52. Rxd5 Rxa2
53. Nc4+ Ka6 54. Kg4 a4 55. Ra5+ Kb7 56. bxa4 1-0

[Event "Canada int. ch U2100"]
[Site "Longueuil CAN"]
[Date "2019.10.13"]
[Round "4.9"]
[White "Couture, Jonathan"]
[Black "Beaudry, Marc-Andre"]
[Result "0-1"]
[WhiteElo "1832"]
[BlackElo "1793"]
[PlyCount "96"]
[EventDate "2019.10.11"]
[EventType "swiss"]
[EventRounds "5"]
[EventCountry "CAN"]

1. e4 c5 2. Nf3 d6 3. c3 Nf6 4. Be2 Nc6 5. d4 cxd4 6. cxd4 d5 7. e5 Ne4 8. O-O
Bg4 9. Nc3 Nxc3 10. bxc3 e6 11. Ng5 Bxe2 12. Qxe2 Be7 13. Nh3 h5 14. f4 g6 15.
Ng5 Qd7 16. Rf3 Kf8 17. Be3 Kg7 18. Raf1 Rac8 19. h4 Na5 20. Bc1 Rc6 21. Rg3
Rhc8 22. Qd3 Rxc3 23. Qxc3 Rxc3 24. Rxc3 Nc4 25. Rb3 b6 26. Nf3 Qa4 27. Rf2 a5
28. g3 Bb4 29. Rc2 Qc6 30. Ba3 Bxa3 31. Rxa3 Qb5 32. Rb3 Qa4 33. Kf2 b5 34. Nd2
Na3 35. Rcc3 Qxd4+ 36. Ke2 b4 37. Rd3 Qc5 38. Rxa3 bxa3 39. Kd1 f6 40. Nb3 Qg1+
41. Kc2 fxe5 42. fxe5 a4 43. Nd2 Qc5+ 44. Rc3 Qb4 45. Kd3 Qb2 46. Rc7+ Kf8 47.
Nf3 Qxa2 48. Nd4 Qb1+ 0-1

[Event "Canada int. ch U2100"]
[Site "Longueuil CAN"]
[Date "2019.10.13"]
[Round "4.11"]
[White "Wang, Isabelle"]
[Black "Gorunovich, Anna"]
[Result "1/2-1/2"]
[WhiteElo "1431"]
[BlackElo "1897"]
[PlyCount "55"]
[EventDate "2019.10.11"]
[EventType "swiss"]
[EventRounds "5"]
[EventCountry "CAN"]

1. e4 c5 2. Nf3 Nc6 3. d4 cxd4 4. Nxd4 Nf6 5. Nc3 e6 6. a3 Be7 7. Be2 O-O 8.
O-O a6 9. Be3 b5 10. Nxc6 dxc6 11. Qxd8 Rxd8 12. Rad1 Bb7 13. Bb6 Rdc8 14. e5
Nd5 15. Nxd5 cxd5 16. c3 Bc6 17. Bd4 h6 18. f4 a5 19. Ra1 b4 20. axb4 axb4 21.
Rxa8 Rxa8 22. cxb4 Bxb4 23. Rc1 Be8 24. g3 Rb8 25. Kf2 Bb5 26. Bxb5 Rxb5 27.
Kf3 g6 28. Rc2 1/2-1/2

[Event "Canada int. ch U2100"]
[Site "Longueuil CAN"]
[Date "2019.10.13"]
[Round "4.12"]
[White "Kapush, Oleksandr"]
[Black "Samson, Gaetan"]
[Result "1-0"]
[WhiteElo "1971"]
[BlackElo "1740"]
[PlyCount "71"]
[EventDate "2019.10.11"]
[EventType "swiss"]
[EventRounds "5"]
[EventCountry "CAN"]

1. e4 c5 2. Nc3 e5 3. g3 Nf6 4. Bg2 Be7 5. d3 O-O 6. Nh3 d6 7. O-O Nc6 8. f4
Bg4 9. Qd2 exf4 10. Nxf4 a6 11. h3 Be6 12. Ncd5 Rc8 13. Qf2 b5 14. Be3 Bxd5 15.
exd5 Ne5 16. Qe2 Qc7 17. g4 g5 18. Nh5 Nxh5 19. gxh5 f5 20. Rf2 Rf7 21. Raf1
Rcf8 22. d4 Nc4 23. dxc5 Nxe3 24. Qxe3 dxc5 25. d6 Qxd6 26. Rd2 Qf6 27. Bd5 Kg7
28. Bxf7 Rxf7 29. Rd7 Bd6 30. Rxf7+ Kxf7 31. Qd3 Bf4 32. Qd7+ Kf8 33. Re1 Qd4+
34. Qxd4 cxd4 35. Re6 Be3+ 36. Kg2 1-0

[Event "Canada int. ch U2100"]
[Site "Longueuil CAN"]
[Date "2019.10.13"]
[Round "4.13"]
[White "Yan, Alex Jikai"]
[Black "Marcouiller, David"]
[Result "1-0"]
[WhiteElo "1607"]
[BlackElo "1846"]
[PlyCount "85"]
[EventDate "2019.10.11"]
[EventType "swiss"]
[EventRounds "5"]
[EventCountry "CAN"]

1. e4 c5 2. Nf3 Nc6 3. d4 cxd4 4. Nxd4 e5 5. Nb5 d6 6. N1a3 a6 7. Nc3 Nf6 8.
Bg5 Be7 9. Bxf6 Bxf6 10. Nc4 Nd4 11. Nd5 O-O 12. c3 Nc6 13. Ndb6 Rb8 14. Qxd6
Bg5 15. Qxd8 Rxd8 16. Nxc8 Rbxc8 17. Nb6 Bd2+ 18. Ke2 Rb8 19. Nd5 Bg5 20. h4
Bh6 21. g4 f6 22. Rg1 Bf4 23. Rd1 Kf7 24. Kf3 g5 25. Bc4 Na5 26. Be2 Nc6 27. h5
h6 28. Rd3 Ke6 29. Rgd1 Rbc8 30. Nxf4+ exf4 31. Rxd8 Rxd8 32. Rxd8 Nxd8 33.
Bc4+ Kd6 34. Bd5 b5 35. Ke2 Nc6 36. Bxc6 Kxc6 37. Kd3 Kc5 38. b4+ Kc6 39. Kd4
Kd6 40. f3 Kc6 41. c4 Kd6 42. c5+ Kc6 43. a3 1-0

[Event "Canada int. ch U2100"]
[Site "Longueuil CAN"]
[Date "2019.10.13"]
[Round "4.14"]
[White "Craciun, David"]
[Black "Dube, Daniel"]
[Result "1/2-1/2"]
[WhiteElo "1785"]
[BlackElo "1662"]
[PlyCount "83"]
[EventDate "2019.10.11"]
[EventType "swiss"]
[EventRounds "5"]
[EventCountry "CAN"]

1. d4 d5 2. Bf4 Bf5 3. e3 e6 4. Nf3 Nf6 5. Be2 Be7 6. Ne5 h6 7. h3 Nbd7 8. O-O
Nxe5 9. Bxe5 Bd6 10. c4 dxc4 11. Nc3 Bd3 12. Bxd3 cxd3 13. Qxd3 c6 14. f4 O-O
15. Bxf6 Qxf6 16. e4 Bc7 17. Rad1 Rad8 18. e5 Qe7 19. Ne4 Rxd4 20. Qf3 Rxd1 21.
Rxd1 Rd8 22. Rf1 Qd7 23. Kh1 Qd3 24. Nc5 Qxf3 25. Rxf3 b6 26. Na6 Rd1+ 27. Kh2
Bd8 28. b4 g5 29. Kg3 gxf4+ 30. Kxf4 Rd2 31. Rg3+ Kh7 32. a3 Bg5+ 33. Ke4 Be7
34. Ke3 Rd5 35. Ke4 Rd8 36. Rc3 Rc8 37. b5 c5 38. Nb4 Kg7 39. Nc6 Rc7 40. Nb8
Rc8 41. Nc6 Rc7 42. Nb8 1/2-1/2

[Event "Canada int. ch U2100"]
[Site "Longueuil CAN"]
[Date "2019.10.13"]
[Round "4.15"]
[White "Gauthier, Denis"]
[Black "Robillard, Jean-Philippe"]
[Result "0-1"]
[WhiteElo "1770"]
[BlackElo "1655"]
[PlyCount "48"]
[EventDate "2019.10.11"]
[EventType "swiss"]
[EventRounds "5"]
[EventCountry "CAN"]

1. d4 d5 2. c4 e6 3. Nc3 Nf6 4. cxd5 exd5 5. Bg5 c6 6. e3 Nbd7 7. Bd3 Be7 8.
Nge2 O-O 9. O-O Re8 10. Qc2 h6 11. Bh4 Ng4 12. Bxe7 Qxe7 13. h3 Ngf6 14. Ng3
Nb6 15. b3 Bd7 16. Rae1 a5 17. f3 Qb4 18. Kh2 a4 19. Nf5 axb3 20. axb3 Ra3 21.
Rb1 Bxf5 22. Bxf5 Rxe3 23. Rfc1 Qxd4 24. Ne2 Rxe2 0-1

[Event "Canada int. ch U2100"]
[Site "Longueuil CAN"]
[Date "2019.10.13"]
[Round "4.16"]
[White "Landry, Sylvain"]
[Black "Laroche, Hugo"]
[Result "0-1"]
[WhiteElo "1752"]
[BlackElo "1641"]
[PlyCount "72"]
[EventDate "2019.10.11"]
[EventType "swiss"]
[EventRounds "5"]
[EventCountry "CAN"]

1. e4 e5 2. Bc4 Nf6 3. d3 h6 4. Nf3 Nc6 5. c3 Bc5 6. b4 Bd6 7. Nbd2 a5 8. b5
Ne7 9. Nf1 Ng6 10. Ng3 Bc5 11. O-O d6 12. d4 exd4 13. cxd4 Bb6 14. e5 dxe5 15.
Qb3 Be6 16. Bxe6 fxe6 17. Qxe6+ Qe7 18. Qf5 Qf7 19. Ba3 Nd7 20. Rfe1 Qxf5 21.
Nxf5 O-O-O 22. dxe5 Nf4 23. e6 Nf6 24. e7 Rdg8 25. Ne5 g6 26. Ne3 Bd4 27. Nf7
Bxa1 28. Nxh8 Bc3 29. Rd1 Rxh8 30. Kf1 Re8 31. g3 Ne6 32. Nc2 Ng8 33. Rd3 Bf6
34. Re3 Ng7 35. b6 cxb6 36. Re6 Nxe6 0-1

[Event "Canada int. ch U2100"]
[Site "Longueuil CAN"]
[Date "2019.10.13"]
[Round "4.17"]
[White "Guipi Bopala, Prince Eric jr"]
[Black "Dube, Dominic"]
[Result "0-1"]
[WhiteElo "1651"]
[BlackElo "1823"]
[PlyCount "94"]
[EventDate "2019.10.11"]
[EventType "swiss"]
[EventRounds "5"]
[EventCountry "CAN"]

1. d4 c6 2. c4 d5 3. cxd5 cxd5 4. Bf4 e6 5. e3 Nc6 6. Nf3 Bd7 7. Be2 Bb4+ 8.
Nbd2 f6 9. O-O Nge7 10. h4 Ng6 11. Bg3 O-O 12. Bd3 Be8 13. a3 Bd6 14. Bxd6 Qxd6
15. Qc2 f5 16. g3 Nge7 17. b4 Rc8 18. Qb2 Bh5 19. Rfc1 Kh8 20. Rab1 Ng8 21. b5
Nce7 22. Ne5 Nf6 23. Rxc8 Rxc8 24. Rc1 Rxc1+ 25. Qxc1 Ng4 26. Ndf3 h6 27. Qc3
Kh7 28. Qa5 Nxe3 29. Qxa7 Bxf3 30. Nxf3 Ng4 31. Qxb7 Qxa3 32. Be2 Ng6 33. Qa6
Qc1+ 34. Kg2 e5 35. dxe5 Qc5 36. Ng5+ hxg5 37. Bxg4 fxg4 38. b6 gxh4 39. b7 h3+
40. Kg1 Qc1+ 41. Qf1 h2+ 42. Kxh2 Qxf1 43. b8=Q Qxf2+ 44. Kh1 Qf1+ 45. Kh2 Qh3+
46. Kg1 Qxg3+ 47. Kf1 Qxe5 0-1

[Event "Canada int. ch U2100"]
[Site "Longueuil CAN"]
[Date "2019.10.13"]
[Round "4.18"]
[White "Morin, Louis"]
[Black "Latorre, Vincent"]
[Result "1/2-1/2"]
[WhiteElo "1838"]
[BlackElo "1722"]
[PlyCount "62"]
[EventDate "2019.10.11"]
[EventType "swiss"]
[EventRounds "5"]
[EventCountry "CAN"]

1. e4 c5 2. d4 cxd4 3. c3 g6 4. Nf3 Bg7 5. Bc4 e6 6. O-O Ne7 7. Bg5 f6 8. Bf4
O-O 9. cxd4 d5 10. exd5 exd5 11. Bb3 Nbc6 12. Nc3 Be6 13. Re1 Bf7 14. Qd2 Na5
15. Nb5 Nxb3 16. axb3 Qd7 17. Nc7 Rac8 18. Rxa7 Rxc7 19. Bxc7 Qxc7 20. Qb4 Nc6
21. Qxb7 Qxb7 22. Rxb7 f5 23. b4 Nxd4 24. Ng5 h6 25. Nxf7 Rxf7 26. Re8+ Bf8 27.
Rbb8 Kg7 28. b5 Rc7 29. g3 Bd6 30. Rb6 Bc5 31. Rbb8 Bd6 1/2-1/2

[Event "Canada int. ch U2100"]
[Site "Longueuil CAN"]
[Date "2019.10.13"]
[Round "4.19"]
[White "Nica, Ion"]
[Black "Van Rooy, Jake"]
[Result "0-1"]
[WhiteElo "1706"]
[BlackElo "1787"]
[PlyCount "108"]
[EventDate "2019.10.11"]
[EventType "swiss"]
[EventRounds "5"]
[EventCountry "CAN"]

1. b3 c5 2. Bb2 d5 3. e3 Nf6 4. f4 g6 5. Nf3 Bg7 6. Ne5 O-O 7. Be2 b6 8. d3 Bb7
9. Nd2 Qc7 10. Bf3 Nfd7 11. Nxd7 Nxd7 12. Bxg7 Kxg7 13. c4 e6 14. g3 Rad8 15.
Qe2 Nf6 16. e4 dxe4 17. dxe4 e5 18. f5 Rd4 19. O-O-O Rfd8 20. Rhe1 Qd7 21. g4
g5 22. h4 h6 23. hxg5 hxg5 24. Qe3 Nh7 25. Rh1 f6 26. Be2 Kg8 27. Rh2 Bxe4 28.
Bf1 Bc6 29. Qh3 Qg7 30. Re2 Rd3 31. Re3 Rxe3 32. Qxe3 Rd4 33. Be2 Qd7 34. Nf1
Rxd1+ 35. Bxd1 Qd4 36. Qxd4 exd4 37. Kd2 Nf8 38. Kd3 Nd7 39. Nh2 Ne5+ 40. Kd2
Kf8 41. Be2 Be4 42. Bd1 Ke7 43. Be2 Kd6 44. Nf1 Bb1 45. a3 Be4 46. Ng3 Bf3 47.
Bxf3 Nxf3+ 48. Ke2 Nh2 49. Ne4+ Ke5 50. Nf2 Kf4 51. b4 Nxg4 52. Nd3+ Kxf5 53.
bxc5 bxc5 54. Nxc5 Ne5 0-1

[Event "Canada int. ch U2100"]
[Site "Longueuil CAN"]
[Date "2019.10.13"]
[Round "4.20"]
[White "Hernandez, Juan Felipe"]
[Black "Mathieu, Guillaume"]
[Result "0-1"]
[WhiteElo "1621"]
[BlackElo "1782"]
[PlyCount "66"]
[EventDate "2019.10.11"]
[EventType "swiss"]
[EventRounds "5"]
[EventCountry "CAN"]

1. e4 c5 2. c3 e6 3. d4 d6 4. Bb5+ Bd7 5. Bxd7+ Qxd7 6. d5 exd5 7. exd5 Nf6 8.
Nf3 Qe7+ 9. Be3 Qe4 10. Nbd2 Qxd5 11. O-O Nc6 12. Re1 Be7 13. c4 Qh5 14. Bg5
O-O-O 15. Qa4 h6 16. Be3 Rhe8 17. b4 Nd7 18. bxc5 dxc5 19. Rab1 Bd6 20. Qb5 Nb6
21. Nb3 Ne5 22. Nbd2 Ng4 23. Nf1 Nxe3 24. Rxe3 f6 25. a4 Rxe3 26. Nxe3 Qe8 27.
Qxe8 Rxe8 28. a5 Nd7 29. Rd1 Bc7 30. a6 bxa6 31. Nf5 Ne5 32. Nxg7 Nxf3+ 33.
gxf3 Rg8 0-1

[Event "Canada int. ch U2100"]
[Site "Longueuil CAN"]
[Date "2019.10.13"]
[Round "4.21"]
[White "Simard, Francois"]
[Black "Jensen-Lynch, Jonathan"]
[Result "1-0"]
[WhiteElo "1773"]
[BlackElo "1661"]
[PlyCount "91"]
[EventDate "2019.10.11"]
[EventType "swiss"]
[EventRounds "5"]
[EventCountry "CAN"]

1. d4 d6 2. g3 Nf6 3. Bg2 Nbd7 4. Nf3 e5 5. dxe5 dxe5 6. O-O Bc5 7. Nc3 c6 8.
Qd3 Qc7 9. Ng5 Nb6 10. Nce4 Nxe4 11. Nxe4 Be7 12. Ng5 f6 13. Ne4 Be6 14. c3 Bd5
15. Be3 Bf7 16. Bc5 Rd8 17. Qc2 f5 18. Bxe7 Qxe7 19. Nd2 O-O 20. Rfd1 Rd6 21.
Nf1 Rf6 22. e3 g5 23. Re1 Qc7 24. Nd2 g4 25. f4 gxf3 26. Nxf3 h6 27. Nh4 Be6
28. Rf1 e4 29. Bh3 Nd5 30. Rae1 Ne7 31. Ng2 Ng6 32. Nf4 Nxf4 33. Rxf4 Qb6 34.
b3 Rd8 35. g4 Rg6 36. Kf2 fxg4 37. Qxe4 Rd2+ 38. Re2 Rxe2+ 39. Kxe2 Qb5+ 40.
Ke1 Qh5 41. Bxg4 Qh4+ 42. Kf1 Bf7 43. Rxf7 Rf6+ 44. Rxf6 Qxf6+ 45. Qf4 Qxc3 46.
Be6+ 1-0

[Event "Canada int. ch U2100"]
[Site "Longueuil CAN"]
[Date "2019.10.13"]
[Round "4.22"]
[White "Landstrom, William"]
[Black "Mercure, Gilbert"]
[Result "1/2-1/2"]
[WhiteElo "1550"]
[BlackElo "1748"]
[PlyCount "129"]
[EventDate "2019.10.11"]
[EventType "swiss"]
[EventRounds "5"]
[EventCountry "CAN"]

1. e4 d5 2. exd5 Nf6 3. c4 e6 4. dxe6 Bxe6 5. Nf3 c5 6. Nc3 Qe7 7. Qe2 Nc6 8.
a3 Rd8 9. b3 Na5 10. Rb1 Bf5 11. Rb2 Nc6 12. Qxe7+ Bxe7 13. Nh4 Bd3 14. Bxd3
Rxd3 15. Nf3 O-O 16. O-O Bd6 17. Ne1 Rd4 18. Nb5 Be5 19. Nxd4 Nxd4 20. Rb1 Ne2+
21. Kh1 Nxc1 22. Rxc1 Bb2 23. Rc2 Bxa3 24. f3 Rd8 25. g4 Bb4 26. Rf2 g5 27. Re2
a6 28. Kg2 b5 29. cxb5 axb5 30. Kf2 Rd4 31. Ra2 h5 32. h3 hxg4 33. hxg4 c4 34.
bxc4 bxc4 35. Nc2 Nxg4+ 36. fxg4 Rf4+ 37. Ke1 Bc5 38. Ne3 Bxe3 39. Rxe3 Rxg4
40. Kf2 Kg7 41. Rc2 f5 42. Rf3 Kf6 43. Ra2 Rd4 44. Ra6+ Ke5 45. Ke2 Rd5 46. Ra4
Rc5 47. Ra8 f4 48. Re8+ Kf5 49. Rc3 g4 50. Kf2 Rd5 51. Rc2 g3+ 52. Kf3 Rd3+ 53.
Kg2 Kg4 54. Re4 Rf3 55. Rexc4 Rf2+ 56. Kg1 Re2 57. Rc1 Kh3 58. Rxf4 Rg2+ 59.
Kf1 Rxd2 60. Rcc4 g2+ 61. Ke1 Rd1+ 62. Kxd1 g1=Q+ 63. Ke2 Qh2+ 64. Ke3 Qg1+ 65.
Kd2 1/2-1/2